000 00611nam a2200229Ia 4500
005 20260320201905.0
008 008 262003s9999 xx 000 0 eng d
037 _aEBOOK
040 _aCRL
040 _beng
040 _cCRL
041 _2eng
041 _aeng
084 _qCRL
100 _aTurnquist
_91136225
245 0 _aLearning Spring Boot 3.0: Simplify the development of production-grade applications using Java and Spring
260 _bIEEE
856 _uhttps://ieeexplore.ieee.org/servlet/opac?bknumber=10162619
942 _cEBOOK
999 _c1724116
_d1724116